000 00938nam a2200205 a 4500
008 120416s1995 ||||||||||||||||| || u
020 _a0435285343
050 _aHF 5030 Nee
100 _aNeedhave, Dave
245 1 0 _aBusiness for higher awards
246 _aDave Needhave [and others]
260 _aOxford
_bBUTTERWORTH HEINEMANN
_c1995
300 _aiv ; 710p. ;ill.
350 _a0.00
650 0 _aBUSINESS
650 _aAWARDS--BUSINESS
995 _aBINDERY (DAMAGED)
_D0.00
_e730590
_FCBU-MAIN LIBRARY (Kitwe)
_H2
_I40.00
_jHF 5030 Nee
_UDAMAGED
_WJun 6, 2006
_y027499
_ZMain Library Open Access Collection
995 _aBINDERY (DAMAGED)
_D0.00
_e730591
_FCBU-MAIN LIBRARY (Kitwe)
_H1
_I40.00
_jHF 5030 Nee
_M1
_UDAMAGED
_y027498
_ZMain Library Open Access Collection
995 _aMAIN LIBRARY OPEN ACCESS
_D0.00
_e730592
_FCBU-MAIN LIBRARY (Kitwe)
_H3
_I40.00
_jHF 5030 Nee
_M3
_UAVAILABLE
_WNov 2, 2006
_y027497
_ZMain Library Open Access Collection
999 _c77898
_d77898